00622nam a2200205Ia 4500003000400000005001700004008004100021020001900062040000700081041000800088082001500096100002500111245004600136260004100182300000900223650002200232942001300254999001900267952013000286OSt20251015092157.0250729s2005 xx 000 0 und d a978-9381052563 cAL aeng a371.2 DUTT aDutt Prakash9222984 aA text book of educational administration aNew DelhibDominant Publishersc2005 a274p aEducation9222985 2ddccBED c235696d235696 00104070aALbALd2025-07-29eSita Book Houseg195.00l0o371.2 DUTTpBED01015r2025-07-29 16:54:13v195.00w2025-07-29yBK